[Event "San Francisco Benson Memorial"]
[Site "San Francisco"]
[Date "2016.08.09"]
[Round "2"]
[White "Klinetobe, David"]
[Black "Dougal, Michael Colin"]
[Result "1/2-1/2"]
[WhiteElo "2001"]
[BlackElo "1931"]
[PlyCount "83"]
[EventDate "2016.08.02"]
[EventType "swiss"]
[EventRounds "9"]
[EventCountry "USA"]
[SourceTitle "EXT 2018"]
[Source "ChessBase"]
[SourceDate "2017.10.13"]
[SourceVersion "1"]
[SourceVersionDate "2017.10.13"]
[SourceQuality "1"]

1. e4 d6 2. d4 Nf6 3. Nc3 g6 4. f4 Bg7 5. Nf3 c5 6. Bb5+ Bd7 7. e5 Ng4 8. Bxd7+ Qxd7 9. d5 dxe5 10. h3 e4 11. Nxe4 Nf6 12. Nxf6+ Bxf6 13. 0-0 0-0 14. Ne5 Qc7 15. Qe2 Rd8 16. c4 Nd7 17. Re1 b5 18. b3 bxc4 19. bxc4 Rab8 20. Bb2 Rb6 21. Bc3 Ra6 22. Rac1 Nxe5 23. fxe5 Bg7 24. Qf2 Ra3 25. Qb2 Ra6 26. Rb1 Qb6 27. Qf2 Qc7 28. Rb5 Rb8 29. Rxc5 Qb6 30. Bd4 Qb4 31. Re2 Qb1+ 32. Kh2 Qd1 33. Rc7 Rb1 34. Rxe7 Qh1+ 35. Kg3 Ra3+ 36. Be3 Rf1 37. Re1 Rxf2 38. Rxh1 Re2 39. Re8+ Bf8 40. d6 Raxe3+ 41. Kf4 Re4+ 42. Kf3 1/2-1/2

[Event "San Francisco TNM Fall op"]
[Site "San Francisco"]
[Date "2015.11.10"]
[Round "4"]
[White "Sachs Weintraub, Julian"]
[Black "Klinetobe, David"]
[Result "0-1"]
[WhiteElo "1500"]
[BlackElo "1963"]
[PlyCount "64"]
[EventDate "2015.10.20"]
[EventType "swiss"]
[EventRounds "9"]
[EventCountry "USA"]
[SourceTitle "EXT 2023"]
[Source "ChessBase"]
[SourceDate "2022.10.05"]
[SourceVersion "1"]
[SourceVersionDate "2022.10.05"]
[SourceQuality "1"]

1. e4 e6 2. d4 d5 3. e5 c5 4. c3 Nc6 5. Nf3 Nh6 6. Bxh6 gxh6 7. Bb5 Bd7 8. 0-0 Nxe5 9. Nxe5 Bxb5 10. Qf3 Qe7 11. Re1 Rc8 12. a4 Bd7 13. b3 Bg7 14. Qg3 Qg5 15. Qxg5 hxg5 16. dxc5 Rxc5 17. b4 Rc7 18. Ra3 f6 19. Nxd7 Kxd7 20. Nd2 Rhc8 21. Re3 f5 22. Nb3 Rxc3 23. Rxc3 Rxc3 24. Nc5+ Ke7 25. Rxc3 Bxc3 26. b5 b6 27. Nd3 e5 28. f3 e4 29. fxe4 fxe4 30. Nc1 d4 31. Kf1 d3 32. Kf2 d2 0-1

[Event "San Francisco TNM Fall op"]
[Site "San Francisco"]
[Date "2015.10.27"]
[Round "2"]
[White "McKellar, Daniel"]
[Black "Klinetobe, David"]
[Result "0-1"]
[WhiteElo "1646"]
[BlackElo "1963"]
[PlyCount "84"]
[EventDate "2015.10.20"]
[EventType "swiss"]
[EventRounds "9"]
[EventCountry "USA"]
[SourceTitle "EXT 2023"]
[Source "ChessBase"]
[SourceDate "2022.10.05"]
[SourceVersion "1"]
[SourceVersionDate "2022.10.05"]
[SourceQuality "1"]

1. e4 e6 2. d4 d5 3. Nc3 Bb4 4. exd5 exd5 5. Bd3 Nf6 6. Nge2 0-0 7. 0-0 c6 8. Bg5 Bg4 9. f3 Bh5 10. Nf4 Bg6 11. Nxg6 hxg6 12. Ne2 Nbd7 13. f4 Bd6 14. c3 Qc7 15. Ng3 Rae8 16. Qf3 Nh7 17. Bh4 f5 18. Rf2 Ndf6 19. Bxf6 Nxf6 20. Nxf5 gxf5 21. Bxf5 Ne4 22. Qh5 Nf6 23. Qh3 Qf7 24. g4 g6 25. Rg2 Qh7 26. g5 Qxh3 27. Bxh3 Ne4 28. f5 gxf5 29. Rf1 f4 30. Rf3 Kg7 31. Bg4 Rh8 32. Bf5 Rh5 33. Bd7 Re7 34. Rh3 Rxh3 35. Bxh3 f3 36. Rc2 f2+ 37. Kh1 Nxg5 38. Bf1 Ne4 39. Kg2 Rf7 40. Re2 Rf5 41. Kh1 Rh5 42. h3 Ng3+ 0-1

[Event "San Francisco Leighton Memorial"]
[Site "San Francisco"]
[Date "2015.09.01"]
[Round "5"]
[White "Klinetobe, David"]
[Black "Basak, Aniruddha"]
[Result "0-1"]
[WhiteElo "1963"]
[BlackElo "2087"]
[PlyCount "98"]
[EventDate "2015.08.04"]
[EventType "swiss"]
[EventRounds "9"]
[EventCountry "USA"]
[SourceTitle "EXT 2023"]
[Source "ChessBase"]
[SourceDate "2022.10.05"]
[SourceVersion "1"]
[SourceVersionDate "2022.10.05"]
[SourceQuality "1"]

1. e4 c5 2. Nf3 g6 3. d4 cxd4 4. Qxd4 Nf6 5. e5 Nc6 6. Qa4 Nd5 7. Qe4 Nb6 8. Nc3 d5 9. exd6 Bf5 10. Qf4 Qxd6 11. Nb5 Qxf4 12. Bxf4 0-0-0 13. c3 Bg7 14. Be3 Na4 15. Nxa7+ Nxa7 16. Bxa7 Nxb2 17. Nd4 Bd3 18. Bxd3 Nxd3+ 19. Ke2 Nf4+ 20. Kf3 e5 21. Ne2 Rd3+ 22. Be3 Rhd8 23. Nxf4 exf4 24. Kxf4 Bh6+ 25. Kf3 Bxe3 26. fxe3 Re8 27. Rhe1 Rxc3 28. Rac1 Rexe3+ 29. Kf2 Kd7 30. Rxe3 Rxc1 31. Rb3 Kc6 32. a3 b5 33. Rf3 f5 34. Rh3 Rc2+ 35. Kf1 Ra2 36. Rxh7 Rxa3 37. Rh6 Re3 38. Rxg6+ Kc5 39. h4 b4 40. h5 b3 41. Rg8 Re6 42. Rb8 Rb6 43. Rc8+ Kb4 44. Rc1 b2 45. Rb1 Ka3 46. Kf2 Rh6 47. Rh1 Rxh5 48. Rxh5 b1Q 49. Rh7 Qc2+ 0-1

[Event "San Francisco TNM Winter op"]
[Site "San Francisco"]
[Date "2015.01.20"]
[Round "3"]
[White "Klinetobe, David"]
[Black "Winslow, Elliott C"]
[Result "0-1"]
[WhiteElo "2008"]
[BlackElo "2283"]
[PlyCount "92"]
[EventDate "2015.01.06"]
[EventType "swiss"]
[EventRounds "8"]
[EventCountry "USA"]
[SourceTitle "EXT 2016"]
[Source "ChessBase"]
[SourceDate "2015.10.08"]
[SourceVersion "1"]
[SourceVersionDate "2015.10.08"]
[SourceQuality "1"]

1. e4 c5 2. Nf3 d6 3. d4 cxd4 4. Nxd4 Nf6 5. Nc3 a6 6. Be3 e6 7. Be2 Qc7 8. 0-0 b5 9. a3 Bb7 10. Bd3 Nbd7 11. f4 Be7 12. Kh1 0-0 13. Qf3 Rfe8 14. Rae1 Bf8 15. Qh3 e5 16. Nf5 g6 17. fxe5 Rxe5 18. Bd4 gxf5 19. Bxe5 Nxe5 20. Rxf5 Bg7 21. Qg3 Qe7 22. Rg5 Qf8 23. Rf1 Kh8 24. Rgf5 Nfd7 25. Nd5 Rc8 26. c3 Rc5 27. b4 Rxd5 28. exd5 Bxd5 29. Bb1 Qe7 30. Qh3 Nf8 31. Rh5 h6 32. Qc8 Bb7 33. Qf5 Kg8 34. Re1 Qc7 35. Qc2 Nfg6 36. Rf5 Qc4 37. Ba2 Qg4 38. Rf2 Nf4 39. Qd2 Ned3 40. Re8+ Bf8 41. Rxf4 Nxf4 42. Rxf8+ Kxf8 43. Qxd6+ Kg8 44. Qb8+ Kh7 45. Bb1+ Ng6 46. Bxg6+ Qxg6 0-1

[Event "San Francisco TNM Jay Whitehead op"]
[Site "San Francisco"]
[Date "2014.09.02"]
[Round "5"]
[White "Winslow, Elliott C"]
[Black "Klinetobe, David"]
[Result "1-0"]
[WhiteElo "2254"]
[BlackElo "2017"]
[PlyCount "91"]
[EventDate "2014.08.05"]
[EventType "swiss"]
[EventRounds "9"]
[EventCountry "USA"]
[SourceTitle "EXT 2016"]
[Source "ChessBase"]
[SourceDate "2015.10.08"]
[SourceVersion "1"]
[SourceVersionDate "2015.10.08"]
[SourceQuality "1"]

1. d4 Nf6 2. c4 e6 3. Nf3 b6 4. Nc3 Bb4 5. Bg5 h6 6. Bh4 g5 7. Bg3 Ne4 8. Qc2 Bb7 9. e3 d6 10. Bd3 Bxc3+ 11. bxc3 f5 12. d5 exd5 13. Nd4 Qf6 14. f3 Nc5 15. cxd5 Bxd5 16. Bxf5 Nbd7 17. 0-0-0 Bc4 18. h4 0-0-0 19. Nc6 Rde8 20. hxg5 hxg5 21. Rxh8 Qxh8 22. e4 Kb7 23. Nd4 Ne5 24. Bxe5 Qxe5 25. Nb3 Na4 26. Bd7 Bxb3 27. axb3 Nc5 28. Bxe8 Qxe8 29. b4 Ne6 30. Rd5 Qh8 31. Qd2 Nf4 32. Rf5 Qg8 33. Kb2 Qc4 34. Rxg5 Nd3+ 35. Ka1 a5 36. Rd5 Ne5 37. Rxe5 Qf1+ 38. Kb2 dxe5 39. bxa5 bxa5 40. Ka3 Qa1+ 41. Kb3 a4+ 42. Kb4 a3 43. Kb3 Kb6 44. c4 c6 45. c5+ Kxc5 46. Qb4# 1-0

[Event "San Francisco TNM Jay Whitehead op"]
[Site "San Francisco"]
[Date "2014.08.26"]
[Round "4"]
[White "Klinetobe, David"]
[Black "Chalissery, Jossy"]
[Result "1-0"]
[WhiteElo "2017"]
[BlackElo "1716"]
[PlyCount "89"]
[EventDate "2014.08.05"]
[EventType "swiss"]
[EventRounds "9"]
[EventCountry "USA"]
[SourceTitle "EXT 2016"]
[Source "ChessBase"]
[SourceDate "2015.10.08"]
[SourceVersion "1"]
[SourceVersionDate "2015.10.08"]
[SourceQuality "1"]

1. e4 e5 2. Nf3 Nc6 3. Bb5 a6 4. Ba4 Nf6 5. 0-0 Be7 6. Re1 b5 7. Bb3 d6 8. c3 0-0 9. h3 Nb8 10. d4 Nbd7 11. Nbd2 Bb7 12. Bc2 Re8 13. Nf1 Bf8 14. Ng3 g6 15. Bg5 h6 16. Be3 exd4 17. Bxd4 c5 18. Bxf6 Qxf6 19. Qd2 Ne5 20. Nxe5 dxe5 21. Rad1 Rad8 22. Qe3 Rxd1 23. Rxd1 Rd8 24. Qe2 Rxd1+ 25. Qxd1 Qd6 26. Qxd6 Bxd6 27. Nf1 c4 28. Ne3 Bc5 29. Ng4 Bd6 30. Nxh6+ Kg7 31. Ng4 Bc8 32. Ne3 Be6 33. Nd5 Bxd5 34. exd5 f5 35. b3 cxb3 36. axb3 a5 37. Kf1 b4 38. c4 Kf6 39. Ke2 g5 40. f3 f4 41. Kd3 Kf5 42. c5 e4+ 43. fxe4+ Ke5 44. cxd6 Kxd6 45. Kd4 1-0

[Event "San Francisco TNM Summer op"]
[Site "San Francisco"]
[Date "2014.07.15"]
[Round "8"]
[White "Klinetobe, David"]
[Black "Niemann, Hans Moke"]
[Result "0-1"]
[WhiteElo "2017"]
[BlackElo "2097"]
[PlyCount "108"]
[EventDate "2014.05.27"]
[EventType "swiss"]
[EventRounds "8"]
[EventCountry "USA"]
[SourceTitle "EXT 2016"]
[Source "ChessBase"]
[SourceDate "2015.10.08"]
[SourceVersion "1"]
[SourceVersionDate "2015.10.08"]
[SourceQuality "1"]

1. e4 c5 2. Nf3 d6 3. d4 cxd4 4. Nxd4 Nf6 5. Nc3 g6 6. Be3 Bg7 7. f3 0-0 8. Qd2 Nc6 9. 0-0-0 d5 10. exd5 Nxd5 11. Nxc6 bxc6 12. Bd4 e5 13. Bc5 Re8 14. Ne4 Be6 15. Bc4 Qc7 16. Bd6 Qd7 17. Ba3 Qd8 18. Nc5 Qh4 19. Bxd5 Bh6 20. Bxc6 Red8 21. Bxa8 Rxd2 22. Rxd2 Bxd2+ 23. Kxd2 Qd8+ 24. Kc1 Qxa8 25. Nxe6 fxe6 26. Re1 Qd5 27. b3 Qd4 28. Bb2 Qf4+ 29. Kd1 Qxh2 30. Re2 Qg1+ 31. Kd2 Qb1 32. Bxe5 Qxa2 33. Re4 Qa5+ 34. Kd3 Qb5+ 35. Kd2 Qf1 36. Re2 h5 37. Bd4 a6 38. c4 Qb1 39. Rxe6 Qa2+ 40. Kc3 Qxg2 41. c5 Qxf3+ 42. Kb4 h4 43. Rxg6+ Kh7 44. Rxa6 h3 45. Ra2 Qf4 46. Kc4 h2 47. Ra8 Qc1+ 48. Kb5 h1Q 49. Rh8+ Kg6 50. Rxh1 Qxh1 51. c6 Qd5+ 52. Bc5 Qxb3+ 53. Ka6 Qb8 54. Bb6 Kf6 0-1

[Event "San Francisco Neil Falconer op"]
[Site "San Francisco"]
[Date "2013.08.13"]
[Round "2"]
[White "Klinetobe, David"]
[Black "Hilliard, Michael"]
[Result "1-0"]
[WhiteElo "2035"]
[BlackElo "1400"]
[PlyCount "71"]
[EventDate "2013.08.06"]
[EventType "swiss"]
[EventRounds "9"]
[EventCountry "USA"]
[SourceTitle "EXT 2016"]
[Source "ChessBase"]
[SourceDate "2015.10.08"]
[SourceVersion "1"]
[SourceVersionDate "2015.10.08"]
[SourceQuality "1"]

1. e4 c6 2. d4 d5 3. exd5 cxd5 4. c4 e6 5. Nc3 Nf6 6. Nf3 Be7 7. cxd5 exd5 8. Bb5+ Nc6 9. Ne5 Qb6 10. Qa4 0-0 11. Nxc6 bxc6 12. Bxc6 Bb7 13. Bxb7 Qxb7 14. 0-0 Rac8 15. Rd1 Rc4 16. Qc2 Rfc8 17. a3 Ne4 18. Rd3 Qc6 19. Bd2 Bf6 20. Qd1 Rxd4 21. Rxd4 Bxd4 22. Nxe4 dxe4 23. Rc1 Qe8 24. Rxc8 Qxc8 25. Bc3 Bb6 26. Qd5 Qe8 27. Bd4 Bxd4 28. Qxd4 Qe7 29. b4 g6 30. a4 f5 31. g3 Qg7 32. Qxg7+ Kxg7 33. b5 Kf7 34. a5 Ke7 35. b6 axb6 36. a6 1-0

[Event "San Francisco Neil Falconer op"]
[Site "San Francisco"]
[Date "2013.08.06"]
[Round "1"]
[White "Campers, William"]
[Black "Klinetobe, David"]
[Result "1-0"]
[WhiteElo "1648"]
[BlackElo "2035"]
[PlyCount "111"]
[EventDate "2013.08.06"]
[EventType "swiss"]
[EventRounds "9"]
[EventCountry "USA"]
[SourceTitle "EXT 2016"]
[Source "ChessBase"]
[SourceDate "2015.10.08"]
[SourceVersion "1"]
[SourceVersionDate "2015.10.08"]
[SourceQuality "1"]

1. e4 e6 2. d4 d5 3. Nc3 Bb4 4. e5 c5 5. Bd2 cxd4 6. Nb5 Bc5 7. Qg4 Kf8 8. Nf3 Nc6 9. Be2 a6 10. Na3 f6 11. exf6 Nxf6 12. Qh4 Qe7 13. 0-0 Ne4 14. Bg5 Nxg5 15. Nxg5 h6 16. Qf4+ Qf6 17. Nh3 e5 18. Qg3 Bxh3 19. Qxh3 Rd8 20. Kh1 g6 21. c4 dxc3 22. Qxc3 Bb4 23. Qb3 Qd6 24. Nc2 Rd7 25. Rad1 Bc5 26. Qf3+ Kg7 27. Bc4 d4 28. Qe4 Rf8 29. g3 Qf6 30. Ne1 Qf5 31. Bd5 Qxe4+ 32. Bxe4 Nb4 33. a3 Nd5 34. Nd3 Ba7 35. Nxe5 Re7 36. Bxd5 Rxe5 37. Bxb7 Re2 38. b4 Rfxf2 39. Rxf2 Rxf2 40. Bxa6 Ra2 41. Rd3 Kf6 42. Bc4 Rc2 43. Rf3+ Ke5 44. Bd3 Rc3 45. Be2 Ke4 46. Kg2 Rxf3 47. Bxf3+ Ke3 48. a4 Bb6 49. a5 Bc7 50. h4 g5 51. hxg5 hxg5 52. a6 Bb6 53. b5 d3 54. Bh5 Kd2 55. Kf3 Ke1 56. Ke4 1-0

[Event "San Francisco TNM Summer op"]
[Site "San Francisco"]
[Date "2013.05.28"]
[Round "1"]
[White "Sepulveda, Ben"]
[Black "Klinetobe, David"]
[Result "0-1"]
[WhiteElo "1640"]
[BlackElo "2034"]
[PlyCount "68"]
[EventDate "2013.05.28"]
[EventType "swiss"]
[EventRounds "8"]
[EventCountry "USA"]
[SourceTitle "EXT 2016"]
[Source "ChessBase"]
[SourceDate "2015.10.08"]
[SourceVersion "1"]
[SourceVersionDate "2015.10.08"]
[SourceQuality "1"]

1. d4 Nf6 2. c4 e6 3. g3 d5 4. Bg2 Bb4+ 5. Bd2 Be7 6. Nc3 c6 7. Nf3 0-0 8. 0-0 Nbd7 9. cxd5 cxd5 10. Rc1 a6 11. a3 b5 12. Re1 Bb7 13. b4 Nb6 14. Ne5 Nfd7 15. e4 Nxe5 16. dxe5 d4 17. Nb1 Nc4 18. f4 Qb6 19. Qf3 Rac8 20. Kh1 Rc7 21. Qf1 Rfc8 22. f5 Nxe5 23. Rxc7 Rxc7 24. Bf4 f6 25. fxe6 Qxe6 26. Nd2 Rc3 27. Bh3 Qc6 28. Bxe5 fxe5 29. Nf3 Qf6 30. Bg2 Rxa3 31. Rc1 Bxb4 32. Rc7 Bxe4 33. Rc8+ Bf8 34. Qc1 Rxf3 0-1

[Event "San Francisco TNM Summer op"]
[Site "San Francisco"]
[Date "2012.06.26"]
[Round "6"]
[White "Klinetobe, David"]
[Black "Ochoa, Jason"]
[Result "1-0"]
[WhiteElo "2053"]
[BlackElo "1900"]
[PlyCount "71"]
[EventDate "2012.05.22"]
[EventType "swiss"]
[EventRounds "8"]
[EventCountry "USA"]
[SourceTitle "EXT 2014"]
[Source "ChessBase"]
[SourceDate "2013.11.20"]
[SourceVersion "1"]
[SourceVersionDate "2013.11.20"]
[SourceQuality "1"]

1. e4 c5 2. Nf3 g6 3. d4 Bg7 4. dxc5 Qa5+ 5. c3 Qxc5 6. Na3 Bxc3+ 7. bxc3 Qxc3+ 8. Qd2 Qxa1 9. Nb5 Na6 10. Nc3 Nc5 11. Nd4 Nf6 12. f3 0-0 13. Bc4 d5 14. exd5 Bf5 15. Nxf5 gxf5 16. 0-0 Na4 17. Nxa4 Qe5 18. Bb2 Qd6 19. Qg5+ Kh8 20. Qxf5 Rg8 21. Be5 Qd8 22. d6 Rg6 23. Bxf7 exd6 24. Bd4 Kg7 25. Bxg6 hxg6 26. Qxf6+ Qxf6 27. Bxf6+ Kxf6 28. Re1 Rc8 29. Kf2 b5 30. Nb2 a5 31. Nd3 g5 32. Rc1 Rb8 33. f4 gxf4 34. Nxf4 Ke5 35. Ke3 Rh8 36. Ng6+ 1-0

[Event "San Francisco TNM Spring op"]
[Site "San Francisco"]
[Date "2012.03.13"]
[Round "1"]
[White "Klinetobe, David"]
[Black "Newey, Richard H"]
[Result "1-0"]
[WhiteElo "2053"]
[BlackElo "1668"]
[PlyCount "77"]
[EventDate "2012.03.13"]
[EventType "swiss"]
[EventRounds "8"]
[EventCountry "USA"]
[SourceTitle "EXT 2014"]
[Source "ChessBase"]
[SourceDate "2013.11.20"]
[SourceVersion "1"]
[SourceVersionDate "2013.11.20"]
[SourceQuality "1"]

1. e4 c5 2. Nf3 d6 3. d4 cxd4 4. Nxd4 Nf6 5. Nc3 Nc6 6. Bg5 e6 7. Qd2 Be7 8. f3 Bd7 9. 0-0-0 a6 10. Kb1 Nxd4 11. Qxd4 Qc7 12. h4 Rc8 13. Qd2 h6 14. Be3 b5 15. Bd3 Bc6 16. g4 Nd7 17. g5 Ne5 18. gxh6 gxh6 19. Bxh6 Nxf3 20. Qf4 Ne5 21. h5 b4 22. Ne2 Nxd3 23. cxd3 Bb5 24. Nc1 Qc2+ 25. Ka1 Rg8 26. Rhg1 Rxg1 27. Rxg1 Kd7 28. Qxf7 Bxd3 29. Nxd3 Qxd3 30. Bg5 Re8 31. h6 Qd4 32. Re1 Qe5 33. h7 d5 34. h8Q Qxh8 35. exd5 e5 36. Qe6+ Kd8 37. Qd6+ Kc8 38. Rc1+ Kb7 39. Rc7+ 1-0

[Event "San Francisco TNM Spring op"]
[Site "San Francisco"]
[Date "2011.03.23"]
[Round "2"]
[White "Eytan, David"]
[Black "Klinetobe, David"]
[Result "0-1"]
[WhiteElo "1900"]
[BlackElo "2018"]
[PlyCount "96"]
[EventDate "2011.03.15"]
[EventType "swiss"]
[EventRounds "8"]
[EventCountry "USA"]
[SourceTitle "EXT 2012"]
[Source "ChessBase"]
[SourceDate "2011.11.24"]
[SourceVersion "1"]
[SourceVersionDate "2011.11.24"]
[SourceQuality "1"]

1. e4 e6 2. Nc3 d5 3. exd5 exd5 4. d4 Bb4 5. Bd2 Nf6 6. Nce2 Bxd2+ 7. Qxd2 Ne4 8. Qe3 0-0 9. f3 Nd6 10. 0-0-0 Re8 11. Qc3 Nc6 12. h4 Nc4 13. Nf4 Ne3 14. Bd3 Nxd1 15. Kxd1 Qd6 16. Nge2 Nb4 17. a3 Nxd3 18. Qxd3 c6 19. h5 h6 20. g4 Qe7 21. Ng2 a5 22. Nef4 Qf6 23. Nh3 b6 24. Ngf4 Ba6 25. Qd2 Ra7 26. Rg1 Rae7 27. g5 hxg5 28. Nxg5 Qh6 29. c3 Bc4 30. Qc2 Re3 31. Qf5 f6 32. Nge6 R8xe6 33. Nxe6 Bb3+ 34. Kd2 Rxf3+ 35. Nf4 Qxf4+ 36. Qxf4 Rxf4 37. h6 g5 38. Re1 Re4 39. Rf1 Kf7 40. Rf5 Rh4 41. Ke3 Rxh6 42. Kf3 Bc2 43. Rf4 gxf4 44. Kxf4 a4 45. Kg4 Kg6 46. Kf4 Rh4+ 47. Kf3 f5 48. Kg3 Kg5 0-1

[Event "San Francisco TNM Winter op"]
[Site "San Francisco"]
[Date "2011.01.18"]
[Round "3"]
[White "Cunningham, Robin J"]
[Black "Klinetobe, David"]
[Result "1-0"]
[WhiteElo "2265"]
[BlackElo "2000"]
[PlyCount "61"]
[EventDate "2011.01.04"]
[EventType "swiss"]
[EventRounds "8"]
[EventCountry "USA"]
[SourceTitle "EXT 2012"]
[Source "ChessBase"]
[SourceDate "2011.11.24"]
[SourceVersion "1"]
[SourceVersionDate "2011.11.24"]
[SourceQuality "1"]

1. e4 e6 2. Nf3 d5 3. Nc3 Nf6 4. e5 Nfd7 5. d4 c5 6. dxc5 Nc6 7. Bf4 Bxc5 8. Bd3 f6 9. exf6 Nxf6 10. 0-0 0-0 11. Ne5 Bd7 12. Qe2 Qe7 13. Rae1 Rae8 14. a3 a6 15. Kh1 Bd4 16. Nxc6 Bxc6 17. Be5 Bxe5 18. Qxe5 Nd7 19. Qd4 e5 20. Nxd5 Qd6 21. Qb4 Qe6 22. Ne3 b5 23. Qh4 g6 24. Be4 Rf4 25. Bxc6 Qxc6 26. Qh3 Ref8 27. Kg1 Nf6 28. Rd1 Ne4 29. Nd5 Qxc2 30. Nxf4 Nxf2 31. Qe6+ 1-0

[Event "San Francisco TNM Winter op"]
[Site "San Francisco"]
[Date "2011.01.04"]
[Round "1"]
[White "Nelson, Christopher"]
[Black "Klinetobe, David"]
[Result "0-1"]
[WhiteElo "1544"]
[BlackElo "2000"]
[PlyCount "91"]
[EventDate "2011.01.04"]
[EventType "swiss"]
[EventRounds "8"]
[EventCountry "USA"]
[SourceTitle "EXT 2012"]
[Source "ChessBase"]
[SourceDate "2011.11.24"]
[SourceVersion "1"]
[SourceVersionDate "2011.11.24"]
[SourceQuality "1"]

1. e4 e6 2. d4 d5 3. Nc3 Nf6 4. e5 Nfd7 5. f4 c5 6. Be3 cxd4 7. Qxd4 Nc6 8. Qd2 a6 9. Nf3 Bb4 10. Be2 Nc5 11. 0-0 Ne4 12. Qd3 Bxc3 13. bxc3 Na5 14. Nd2 Nxd2 15. Qxd2 0-0 16. Qe1 Bd7 17. Qf2 Qc8 18. Bc5 Re8 19. Bd3 g6 20. Bb4 Nc6 21. Bd6 Ne7 22. Bxe7 Rxe7 23. Qh4 Re8 24. Rab1 Qc5+ 25. Kh1 Bc6 26. Rf3 Qe7 27. Qh6 Qf8 28. Qh4 Qg7 29. Qe1 Rac8 30. Rg3 Qh6 31. Rb4 Qg7 32. a4 Rc7 33. a5 Qf8 34. f5 exf5 35. Bxf5 Bd7 36. Bxd7 Rxd7 37. Rb6 Re6 38. Rb1 Qc5 39. h4 Qxa5 40. h5 Qc7 41. hxg6 fxg6 42. Rg5 Rde7 43. Qg3 Rxe5 44. Rxg6+ hxg6 45. Qxg6+ Rg7 46. Qh6 0-1